Statistics for 25 Most Photographed Cities in the World

Click here to take the quiz!

General Stats

  • This quiz has been taken 99 times
    (41 since last reset)
  • The average score is 14 of 25

Answer Stats

#City% Correct
#2Rome
100%
#1New York City
97%
#4Paris
97%
#15London
94%
#3Barcelona
81%
#12Madrid
81%
#14Sydney
78%
#6Venice
78%
#19Beijing
69%
#5Istanbul
67%
#18Shanghai
61%
#8Florence
58%
#17Chicago
56%
#16Giza
56%
#23Lisbon
53%
#20San Francisco
53%
#11Prague
47%
#10Budapest
44%
#24Munich
39%
#9Buenos Aires
36%
#7Monaco
33%
#25Verona
22%
#21Havana
11%
#22Pisa
8%
#13Niagara Falls
0%

Score Distribution

Percentile by Number Answered

Percent of People with Each Score

Your Score History

You have not taken this quiz since the last reset